000 00965nam a2200301Ic 4500
001 58885
003 CO-BoRNBP
005 20250828213414.0
007 ta
008 141031s9999 xx 000 0 und d
020 _a9789681644345
040 _aCO-BoRNBP
_bspa
_erda
_cCO-BoRNBP
041 _aspa
084 _aLM
245 1 0 _aHijos de la primavera, 1 :
_bvida y palabras de los indios de América /
_cilustraciones en color Felipe Dávalos.
250 _a1a. edición
264 1 _aBogotá, Colombia :
_bFondo de Cultura Económica,
_c2010
300 _a237 páginas :
_bilustraciones
336 _atexto
_btxt
_2rdacontent
337 _asin mediación
_bn
_2rdamedia
338 _avolumen
_bnc
_2rdacarrier
650 0 7 _aCostumbres indigenas
_2lemb
_924732
650 0 7 _aLeyendas indígenas
_2LEMB
_9953
650 0 7 _aLiteratura indígena
_2lemb
_9695
650 0 7 _aMitología indígena
_2lemb
_9696
700 _aDávalos, Felipe
_964283
942 _2loc
_cBK
999 _c58885
_d58885